1924 1627 1194 1061 1692 1667 1569 1278 1206 1886 1184 1284 1282 1926 1559 1479 1879 1875 1693 1561 1039 1709 1664 1463 1689 1118 1879 1049 1248 1026 1845 1289 1612 1796 1098 1690 1586 1747 1385 1119 1558 1949 1640 1597 1972 1695 1128 1540 1148 1045 1694 1386 1134 1529 1342 1594 1885 1337 1539 1413 1556 1327 1093 1425 1203 1489 1206 1176 1006 1861 1352 1250 1996 1762 1520 1044 1284 1761 1238 1619 1658 1337 1982 1205 1218 1338 1520 1808 1174 1049 1745 1771 1465 1405 1718 1143 1131 1240 1995 BCNSPRNW ULIB Ver.6.0+V

เปลี่ยนเป็นภาษาไทย

Change to English
 แสดงรายละเอียดบรรณานุกรม
  กลับหน้าหลัก

Brief Record : Get Marc (ISO 2709) : E-mail record : QR code < ปิดหน้าต่าง
LEADER : 00000nam 2200000uu 4500
001    13399111898
003     ULIB
008    110711s2549||||th 000 0 tha d
020    9749427653
020    9789749427651
050  4 DS586^bพ456น 2549
100 0  พลาดิศัย สิทธิธัญกิจ
245 10 ในหลวงฯ กษัตริย์นักพัฒนาผู้ยิ่งใหญ่ /^cพลาดิศัย สิทธิธัญกิจ
250    พิมพ์ครั้งที่ 4
260    กรุงเทพฯ :^bโครงการศึกษาประวัติศาสตร์และภูมิปัญญาไทย,^c2549
300    223 หน้า :^bภาพประกอบ ;^c21 ซม.
500 เน ื่องในวโรกาสที่พระบาทสมเด็จพระเจ้าอยู่หัวภูมิพลอดุลยเดชทรงครองสิริราชสมบัติครบ 60 ปีในปี พ.ศ. 2549
600 07 ภูมิพลอดุลยเดช,^cพระบาทสมเด็จพระปรมินทรมหา,^d2470-
650  4 โครงการอันเนื่องมาจากพระราชดำริ
710 2  โครงการศึกษาประวัติศาสตร์และภูมิปัญญาไทย
945    ^p150^l0^i022220
995    ทศพร
999 ^a ใช้งานได้ทุกระบบ
รายการนี้ยังไม่มีแท็ก
คุณยังไม่ได้ล็อกอิน คุณสามารถมีกิจกรรมร่วมกับเว็บไซต์ได้ แต่ต้องล็อกอินก่อน ::
  ล็อกอิน

รายการสื่อสารสนเทศ

ลำดับที่ ประเภท เลขเรียก/บาร์โค้ด สถานที่ สถานะ
- ไม่พบข้อมูล -

รายการใกล้เคียง
    ผู้แต่ง [พลาดิศัย สิทธิธัญกิจ]

    หัวเรื่อง [โครงการอันเนื่องมาจากพระราชดำริ]

BibComment


ยังไม่เคยถูกคอมเมนท์

คอมเมนท์ทรัพยากรรายการนี้
  คอมเมนท์: ในหลวงฯ กษัตริย์น..


 Copyright 2026. Bcnsprnw @Library